<?xml version="1.0" encoding="UTF-8"?>
<record
    xmlns:xsi="http://www.w3.org/2001/XMLSchema-instance"
    xsi:schemaLocation="http://www.loc.gov/MARC21/slim http://www.loc.gov/standards/marcxml/schema/MARC21slim.xsd"
    xmlns="http://www.loc.gov/MARC21/slim">

  <leader>01329nam0a2200337   4500</leader>
  <controlfield tag="001">RU\NLR\bibl\1508364</controlfield>
  <controlfield tag="005">20260409075111.0</controlfield>
  <datafield tag="010" ind1=" " ind2=" ">
    <subfield code="a">978-5-94303-027-7</subfield>
    <subfield code="9">5000</subfield>
  </datafield>
  <datafield tag="021" ind1=" " ind2=" ">
    <subfield code="a">RU</subfield>
    <subfield code="b">2010-21867</subfield>
    <subfield code="9">1475</subfield>
  </datafield>
  <datafield tag="035" ind1=" " ind2=" ">
    <subfield code="a">(NLR Aleph) 001499775</subfield>
  </datafield>
  <datafield tag="090" ind1=" " ind2=" ">
    <subfield code="a">1792971</subfield>
    <subfield code="c">1792971</subfield>
  </datafield>
  <datafield tag="100" ind1=" " ind2=" ">
    <subfield code="a">20100506d2009    u  y0rusy50      ca</subfield>
  </datafield>
  <datafield tag="101" ind1="1" ind2=" ">
    <subfield code="a">rus</subfield>
    <subfield code="c">ger</subfield>
  </datafield>
  <datafield tag="102" ind1=" " ind2=" ">
    <subfield code="a">RU</subfield>
  </datafield>
  <datafield tag="105" ind1=" " ind2=" ">
    <subfield code="a">a   |||||||||</subfield>
  </datafield>
  <datafield tag="200" ind1="1" ind2=" ">
    <subfield code="a">&#x411;&#x443;&#x434;&#x434;&#x430; &#x438; &#x43B;&#x44E;&#x431;&#x43E;&#x432;&#x44C;</subfield>
    <subfield code="e">&#x43A;&#x430;&#x43A; &#x43B;&#x44E;&#x431;&#x438;&#x442;&#x44C; &#x438; &#x431;&#x44B;&#x442;&#x44C; &#x441;&#x447;&#x430;&#x441;&#x442;&#x43B;&#x438;&#x432;&#x44B;&#x43C;</subfield>
    <subfield code="f">&#x41B;&#x430;&#x43C;&#x430; &#x41E;&#x43B;&#x435; &#x41D;&#x438;&#x434;&#x430;&#x43B;</subfield>
    <subfield code="g">[&#x43F;&#x435;&#x440;. &#x441; &#x43D;&#x435;&#x43C;. &#x412;. &#x420;&#x430;&#x433;&#x438;&#x43C;&#x43E;&#x432;&#x430;]</subfield>
  </datafield>
  <datafield tag="210" ind1=" " ind2=" ">
    <subfield code="a">&#x41C;&#x43E;&#x441;&#x43A;&#x432;&#x430;</subfield>
    <subfield code="c">&#x410;&#x43B;&#x43C;&#x430;&#x437;&#x43D;&#x44B;&#x439; &#x43F;&#x443;&#x442;&#x44C;</subfield>
    <subfield code="d">2009</subfield>
  </datafield>
  <datafield tag="215" ind1=" " ind2=" ">
    <subfield code="a">255 &#x441;.</subfield>
    <subfield code="c">&#x438;&#x43B;.</subfield>
    <subfield code="d">21</subfield>
  </datafield>
  <datafield tag="225" ind1="1" ind2=" ">
    <subfield code="a">&#x421;&#x435;&#x440;&#x438;&#x44F; "&#x411;&#x443;&#x434;&#x434;&#x438;&#x437;&#x43C; &#x441;&#x435;&#x433;&#x43E;&#x434;&#x43D;&#x44F;"</subfield>
  </datafield>
  <datafield tag="300" ind1=" " ind2=" ">
    <subfield code="a">&#x417;&#x430;&#x433;&#x43B;. &#x438; &#x430;&#x432;&#x442;. &#x43E;&#x440;&#x438;&#x433;.: Der Buddha und die Liebe / Lama Ole Nydahl</subfield>
  </datafield>
  <datafield tag="454" ind1=" " ind2="0">
    <subfield code="1">2001#$aDer Buddha und die Liebe</subfield>
    <subfield code="1">700#1$aNydahl$bO.$f1941-$gOle$4070</subfield>
    <subfield code="t">Der Buddha und die Liebe</subfield>
    <subfield code="a">Nydahl, Ole (1941-)</subfield>
  </datafield>
  <datafield tag="606" ind1=" " ind2=" ">
    <subfield code="a">&#x41B;&#x44E;&#x431;&#x43E;&#x432;&#x44C; (&#x440;&#x435;&#x43B;&#x438;&#x433;.)</subfield>
    <subfield code="3">RU\NLR\auth\661390813</subfield>
    <subfield code="9">2325148</subfield>
  </datafield>
  <datafield tag="606" ind1="1" ind2=" ">
    <subfield code="a">&#x411;&#x443;&#x434;&#x434;&#x438;&#x437;&#x43C;</subfield>
    <subfield code="9">1062925</subfield>
    <subfield code="3">RU\NLR\auth\6694377</subfield>
  </datafield>
  <datafield tag="686" ind1=" " ind2=" ">
    <subfield code="a">&#x42D;35,0</subfield>
  </datafield>
  <datafield tag="700" ind1=" " ind2="1">
    <subfield code="4">070</subfield>
    <subfield code="8">rus</subfield>
    <subfield code="7">ca</subfield>
    <subfield code="a">&#x41D;&#x438;&#x434;&#x430;&#x43B;</subfield>
    <subfield code="b">&#x41E;.</subfield>
    <subfield code="f">1941-</subfield>
    <subfield code="g">&#x41E;&#x43B;&#x435;</subfield>
    <subfield code="3">RU\NLR\auth\778641</subfield>
    <subfield code="9">118540</subfield>
  </datafield>
  <datafield tag="801" ind1=" " ind2="0">
    <subfield code="a">RU</subfield>
    <subfield code="b">NLR</subfield>
    <subfield code="c">20100506</subfield>
    <subfield code="g">RCR</subfield>
  </datafield>
  <datafield tag="801" ind1=" " ind2="1">
    <subfield code="a">RU</subfield>
    <subfield code="b">NLR</subfield>
    <subfield code="c">20100506</subfield>
  </datafield>
  <datafield tag="942" ind1=" " ind2=" ">
    <subfield code="c">BOOK</subfield>
  </datafield>
  <datafield tag="980" ind1=" " ind2=" ">
    <subfield code="a">NB</subfield>
  </datafield>
  <datafield tag="995" ind1=" " ind2=" ">
    <subfield code="5">2010-05-06</subfield>
    <subfield code="a">ad</subfield>
    <subfield code="b">NLR01</subfield>
    <subfield code="c">NLR01</subfield>
    <subfield code="e">RF8</subfield>
    <subfield code="f">3167007</subfield>
    <subfield code="k">2010-3/15408</subfield>
    <subfield code="o">0</subfield>
    <subfield code="r">BOOK</subfield>
    <subfield code="s">2010315408_</subfield>
  </datafield>
  <datafield tag="995" ind1=" " ind2=" ">
    <subfield code="5">2010-05-06</subfield>
    <subfield code="a">ad</subfield>
    <subfield code="b">NLR01</subfield>
    <subfield code="c">NLR01</subfield>
    <subfield code="e">RF8</subfield>
    <subfield code="f">3167008</subfield>
    <subfield code="k">2010-3/15408</subfield>
    <subfield code="o">0</subfield>
    <subfield code="r">BOOK</subfield>
    <subfield code="s">2010315408_</subfield>
  </datafield>
</record>
